Normal view
MARC view
Entry Geographic Name
001 - CONTROL NUMBER
- control field: 29218
003 - CONTROL NUMBER IDENTIFIER
- control field: ARRUPE
005 - DATE AND TIME OF LATEST TRANSACTION
- control field: 20170301111715.0
008 - FIXED-LENGTH DATA ELEMENTS
- fixed length control field: 170301|| aca||aabn | a|a d
040 ## - CATALOGING SOURCE
- Original cataloging agency: ARRUPE
- Transcribing agency: ARRUPE
151 ## - HEADING--GEOGRAPHIC NAME
- Geographic name: Europe
- General subdivision: History
- Chronological subdivision: 1918-1945.
670 ## - SOURCE DATA FOUND
- Source citation: Work cat.: (ARRUPE)0: Derry, T. K. (Thomas Kingston), 1905- 29217, The European world, 1870-1945,, 1950